000 00398pam a2200157 a 4500
020 _a9781416049272
_c
041 _h
082 _a616.123
_bTHE
100 _aTheroux Pierre.
245 _aAcute Coronary Syndromes A Companion to Braunwald`s Heart Disease
_hTextual Documents
250 _a2nd ed. .
260 _bElsevier, Pub.
_c2011
300 _a434.
653 _aCardiology
930 _a9994
999 _c9987
_d9987